000 00354nam a22001217a 4500
008 230321b |||||||| |||| 00| 0 eng d
022 _a0032-4299
040 _aNational Science Library
_cNational Science Library
245 _aPoona agricultural college magazine
260 _aPoona:
_bCollege of Agriculture,
_c1909
310 _aQuarterly
942 _cCR
999 _c12081
_d12081